Catalog

Record Details

Catalog Search



Pedagogy of the heart  Cover Image Book Book

Pedagogy of the heart / Paulo Freire ; translated by Donaldo Macedo and Alexandre Oliveira

Record details

  • ISBN: 978-1-4742-9911-4
  • Physical Description: xxiv, 89 stran ; 22 cm
  • Edition: First published
  • Publisher: London ; Bloomsbury Academic, 2016

Content descriptions

General Note:
Přeloženo z portugalštiny?
Subject: výchova a vzdělávání > politické aspekty
výchova a vzdělávání > Brazílie
education > political aspects
education > Brasil
Genre: studie
studies

Available copies

  • 1 of 1 copy available at Common Catalog SPOK.

Holds

  • 0 current holds with 1 total copy.
Show Only Available Copies
Location Call Number / Copy Notes Barcode Shelving Location Status Due Date
Jabok Library Ped-7 424480041950 Odborná literatura Available -

LDR 01637nam a2200469 i 4500
00131843
003CZ-PrJAB
00520190520083113.0
007ta
008171026s2016 xxk e 000 0 eng d
020 . ‡a978-1-4742-9911-4 ‡q(brožováno)
035 . ‡a(CZ PrSKC)000895705
040 . ‡aHKA001 ‡bcze ‡erda
0411 . ‡aeng ‡hpor
043 . ‡as-bl---
044 . ‡axxk ‡axxu ‡aii ‡aat
072 7. ‡a37 ‡xVýchova a vzdělávání ‡2Konspekt ‡922
080 . ‡a37.0 ‡2MRF
080 . ‡a32 ‡2MRF
080 . ‡a(81) ‡2MRF
080 . ‡a(048.8) ‡2MRF
1001 . ‡aFreire, Paulo, ‡d1921-1997 ‡7jn20000601625 ‡4aut
24510. ‡aPedagogy of the heart / ‡cPaulo Freire ; translated by Donaldo Macedo and Alexandre Oliveira
250 . ‡aFirst published
264 1. ‡aLondon ; ‡aOxford ; ‡aNew York ; ‡aNew Delhi ; ‡aSydney : ‡bBloomsbury Academic, ‡c2016
300 . ‡axxiv, 89 stran ; ‡c22 cm
336 . ‡atext ‡btxt ‡2rdacontent
337 . ‡abez média ‡bn ‡2rdamedia
338 . ‡asvazek ‡bnc ‡2rdacarrier
4900 . ‡aBloomsbury revelations
500 . ‡aPřeloženo z portugalštiny?
65007. ‡avýchova a vzdělávání ‡7ph127419 ‡xpolitické aspekty ‡2czenas
65007. ‡avýchova a vzdělávání ‡7ph127419 ‡zBrazílie ‡2czenas
65009. ‡aeducation ‡xpolitical aspects ‡2eczenas
65009. ‡aeducation ‡zBrasil ‡2eczenas
655 7. ‡astudie ‡7fd133597 ‡2czenas
655 9. ‡astudies ‡2eczenas
7001 . ‡aMacedo, Donaldo P. ‡q(Donaldo Pereira), ‡d1950- ‡7utb2015873618 ‡4trl
7001 . ‡aOliveira, Alexandre K. ‡7utb2015873624 ‡4trl
910 . ‡aABG312
995 . ‡aska
901 . ‡a31843 ‡b ‡c31843 ‡tbiblio

Additional Resources